ბათუმის შოთა რუსთაველის სახელმწიფო უნივერსიტეტის ბიბლიოთეკა

ჩანაწერი Topical Term

ჩანაწერთა რაოდენობა, რომელიც გამოყენებულია: 1

001 - CONTROL NUMBER

  • control field: 9056

003 - CONTROL NUMBER IDENTIFIER

  • control field: GE_BSU

005 - DATE AND TIME OF LATEST TRANSACTION

  • control field: 20200727141136.0

008 - FIXED-LENGTH DATA ELEMENTS

  • fixed length control field: 200727|| aca||aabn | a|a d

040 ## - CATALOGING SOURCE

  • Original cataloging agency: GE_BSU
  • Transcribing agency: GE_BSU

150 ## - HEADING--TOPICAL TERM

  • Topical term or geographic name entry element: English language
  • General subdivision: Textbooks for foreign speakers.

670 ## - SOURCE DATA FOUND

  • Source citation: Work cat.: (GE_BSU)0: English, Andrew K., 1953- 9055, NorthStar 4 : Reading and writing /, 2015